| 000 | 00555nam a2200193 4500 | ||
|---|---|---|---|
| 001 | 15872 | ||
| 005 | 20230410103619.0 | ||
| 008 | 060907n1984 dr spa | ||
| 020 | _a0851244033 | ||
| 035 | _9funglode16005 | ||
| 041 | _aEN | ||
| 050 | 1 | 4 | _a130 F 1439.5 H737k 1984 |
| 100 | _aHolland, Stuart | ||
| 245 | 1 |
_aKissingers Kingdom? : _ba counter report on Central America / _cby Stuart Holland and Donald Anderson |
|
| 260 |
_aNottingham : _bSpokesman, _c1984 |
||
| 300 | _aii, 73 p. | ||
| 700 | _aAnderson, Donald | ||
| 942 |
_2lcc _cbk |
||
| 999 |
_c22444 _d22444 |
||